Documents of Vatican II - Statistics

General Stats
  • This quiz has been taken 42 times
  • The average score is 4 of 16
Answer Stats
Date Promulgated Type Document % Correct
Oct 1965 Declaration Nostra Aetate
71%
Nov 1964 Constitution Lumen Gentium
63%
Dec 1965 Constitution Gaudium et Spes
50%
Dec 1963 Constitution Sacrosanctum Concilium
46%
Nov 1965 Constitution Dei Verbum
29%
Dec 1965 Declaration Dignitatis Humanae
25%
Nov 1964 Decree Unitatis Redintegratio
25%
Dec 1965 Decree Ad Gentes
17%
Nov 1965 Decree Apostolicam Actuositatem
17%
Oct 1965 Declaration Gravissimum Educationis
17%
Dec 1963 Decree Inter Mirifica
17%
Oct 1965 Decree Optatam Totius
17%
Nov 1964 Decree Orientalium Ecclesiarum
17%
Dec 1965 Decree Presbyterorum Ordinis
17%
Oct 1965 Decree Perfectae Caritatis
13%
Oct 1965 Decree Christus Dominus
8%
No matching quizzes found
Score Distribution
Percent of People with Each Score
Percentile by Number Answered
Your Score History
You have not taken this quiz